| 000 | 00000nam##2200000za#4500 |
| 001 | 9.639554 |
| 003 | CaOODSP |
| 005 | 20210624222228 |
| 007 | cr ||||||||||| |
| 008 | 150407|1999||||xxc|||||o f|0| 0 fre|d |
| 040 | |aCaOODSP|bfre |
| 043 | |an-cn--- |
| 086 | 1 |aH49-122/1999F-PDF |
| 110 | 1 |aCanada.|bSanté Canada. |bBureau de la santé génésique et de la santé de l'enfant. |
| 245 | 10|aBibliographie sélective et annotée sur le signalement par des professionnels de l'éducation de la maltraitance envers les enfants / |h[ressource électronique]|cpar Valérie Gaston et Janis Sutherland. |
| 260 | |aOttawa - Ontario : |bSanté Canada. |cc1999. |
| 300 | |a28p.|bréférences, index |
| 500 | |aLe n° de catalogue (H49-122/1999F) et l'ISBN (0-600-83838-6) de l'édition imprimée ont été incorrectement copiés dans cette édition électronique. |
| 590 | |a12-15-Supp|b2012-04-13 |
| 691 | 07|aViolence faite aux enfants|2gcpds |
| 720 | 1 |aGaston, Valérie |
| 720 | 1 |aSutherland, Janis |
| 775 | 08|tA selected, annotated bibliography of child maltreatment reporting by education professionals / |w(CaOODSP)9.695416 |
| 776 | 0#|tBibliographie sélective et annotée sur le signalement par des professionnels de l'éducation de la maltraitance envers les enfants / |w(CaOODSP)9.680807 |
| 856 | 40|ahttp://publications.gc.ca|qPDF|s194 Ko|uhttps://publications.gc.ca/collections/Collection/H49-122-1999F.pdf |